| 000 | 00552nam a2200169 i 4500 | ||
|---|---|---|---|
| 001 | 57615 | ||
| 003 | ES-MaACL | ||
| 005 | 20230906163618.0 | ||
| 007 | t| | ||
| 008 | 031017s1971 sp ||||1| spa d | ||
| 100 | 1 |
_aDualde Serrano, Manuel. _945722 |
|
| 245 | 1 | 3 |
_aEl compromiso de Caspe / _cManuel Dualde Serrano, José Camarena Mahiques. |
| 260 |
_aZaragoza : _bInstitución Fernando el Católico, _c1971. |
||
| 300 |
_a290 p., 7 lám., 1 map. pleg. ; _c21 cm. |
||
| 700 | 1 |
_aCamarena Mahiques, José. _934002 |
|
| 852 |
_aES-MaACL _jC-41131 _bR.80496 |
||
| 999 |
_c57615 _d57615 |
||